000 00396nam a22001697a 4500
005 20160624123626.0
008 160624b xxu||||| |||| 00| 0 eng d
020 _a81-85027-27-7
041 _aeng
082 _b9582
100 _aKanawaty, George
_92664
245 _aIntroduction to work Study
260 _bUniversal Book
_c1994
300 _a474
650 _aManagement
_9241
942 _cBK
999 _c3835
_d3834